Резервы интенсификации общественного производства

書目詳細資料
主要作者: Папенов Константин Владимирович
總結:Исключено из фонда НТБ ТПУ
語言:俄语
出版: Москва, Изд-во МГУ, 1992
格式: MixedMaterials 圖書
KOHA link:https://koha.lib.tpu.ru/cgi-bin/koha/opac-detail.pl?biblionumber=29131

MARC

LEADER 00000nam0a2200000 4500
001 29131
005 20231030203152.0
010 |a 5211021762 
035 |a (RuTPU)RU\TPU\book\29390 
035 |a BOOK00000101 
090 |a 29131 
100 |a 20011209d1992 km y0rusy50 ca 
101 0 |a rus 
102 |a RU 
105 |a  000zy 
200 1 |a Резервы интенсификации общественного производства  |f К. В. Папенов 
210 |a Москва  |c Изд-во МГУ  |d 1992 
215 |a 158 с. 
333 |a Исключено из фонда НТБ ТПУ 
700 1 |a Папенов  |g Константин Владимирович 
801 0 |a RU  |b 63413507  |c 20011209  |g PSBO 
801 2 |a RU  |b 63413507  |c 20170526  |g RCR 
942 |c BK